=LDR 00000nam 2200000 4500 =001 INLIS000000000001686 =005 20130612090103 =008 ***********************************Ind** =035 ##$$0010-061300000001686 =041 ##$$a Ind =082 ##$$a 615.822 =090 ##$$a 615.822, Rag t =100 ##$$a Ragawaluya, Bisma =245 ##$$a Terafi zona refleksi pada kaki, Bisma Ragawaluya =260 ##$$a 1990 $b Bandung =300 ##$$a 112 hlm, ilus, 21 cm =650 ##$$a Terapi-Pysik =850 ##$$a NBPNMAT